000 00241nam a2200097Ia 4500
008 230907s9999||||xx |||||||||||||| ||und||
082 _a681.2
_bADV
245 0 _aAdvanced interfacing techniques for sensors /
300 _a314 p.
942 _cBK
999 _c599289
_d599289